High magnetic fields (Record no. 2462)

MARC details
000 -LEADER
fixed length control field 00990nam a2200253Ia 4500
003 - CONTROL NUMBER IDENTIFIER
control field IN-BaIIA
008 - FIXED-LENGTH DATA ELEMENTS--GENERAL INFORMATION
fixed length control field 211028s9999 xx 000 0 eng d
040 ## - CATALOGING SOURCE
Transcribing agency IIA Library
080 ## - UNIVERSAL DECIMAL CLASSIFICATION NUMBER
Universal Decimal Classification number 538.12(082.1)
Item number HIG
111 ## - MAIN ENTRY--MEETING NAME
Meeting name or jurisdiction name as entry element International conference on high magnetic fields
Location of meeting Cambridge, Massachusetts
Date of meeting or treaty signing 1961 Nov. 1-4
9 (RLIN) 4400
245 #0 - TITLE STATEMENT
Title High magnetic fields
Remainder of title proceedings of the international conference on high magnetic fields, held in Cambridge, Massachusetts, November 1-4, 1961
Statement of responsibility, etc. edited by Henry Kolm…[et al.]
260 ## - PUBLICATION, DISTRIBUTION, ETC.
Place of publication, distribution, etc. New York
Name of publisher, distributor, etc. MIT Press
Date of publication, distribution, etc. 1962
300 ## - PHYSICAL DESCRIPTION
Extent xv, 751p.
650 ## - SUBJECT ADDED ENTRY--TOPICAL TERM
Topical term or geographic name entry element Electromagnetic fields
9 (RLIN) 2908
650 ## - SUBJECT ADDED ENTRY--TOPICAL TERM
Topical term or geographic name entry element Electromagnetism
9 (RLIN) 540
650 ## - SUBJECT ADDED ENTRY--TOPICAL TERM
Topical term or geographic name entry element Electromechanics
9 (RLIN) 4401
650 ## - SUBJECT ADDED ENTRY--TOPICAL TERM
Topical term or geographic name entry element NASA Thesaurus
650 ## - SUBJECT ADDED ENTRY--TOPICAL TERM
Topical term or geographic name entry element Quantum electrodynamics
9 (RLIN) 2630
700 ## - ADDED ENTRY--PERSONAL NAME
Personal name Bitter, Francis, ed.
9 (RLIN) 4402
700 ## - ADDED ENTRY--PERSONAL NAME
Personal name Kolm, Henry, ed.
9 (RLIN) 4403
700 ## - ADDED ENTRY--PERSONAL NAME
Personal name Lax, Benjamin, ed.
9 (RLIN) 4404
700 ## - ADDED ENTRY--PERSONAL NAME
Personal name Mills, Robert., ed.
9 (RLIN) 4405
942 ## - ADDED ENTRY ELEMENTS (KOHA)
Koha item type Books
Holdings
Withdrawn status Lost status Damaged status Not for loan Home library Current library Shelving location Date acquired Cost, normal purchase price Total Checkouts Full call number Barcode Date last seen Cost, replacement price Price effective from Koha item type Purchase Price
        IIA Library-Bangalore IIA Library-Bangalore General Stacks 22/06/1965 94.50   538.12(082.1)/ HIG 2749 05/11/2021 94.50 22/06/1965 Books Rs. 94.50

Powered by Koha